000 00427nab a2200145Ia 4500
003 ES-SlBCS
005 20210601130452.0
008 140529s1953 xxu||||| |||| 00| 0 fre d
041 _afre
100 1 _aPonceau, Amédée
_9173168
245 0 0 _aHistoire et destinée
_c Amédée Ponceau
650 0 4 _aHistoria-Destino
_9173354
773 0 _tGiornali di Metafisica
_gvol. 8, nº. 5, 1953, págs. 534-540
_w0017-0372
942 _cAR
999 _c547206
_d547206